| 000 | 00671nam a2200241Ia 4500 | ||
|---|---|---|---|
| 008 | 180523s9999 xx 000 0 und d | ||
| 020 | _a0-07-113380-1 | ||
| 050 | _aMAIN RC 46 | ||
| 050 | _b.H37 1994 v.2 | ||
| 245 | 0 | _aHarrison's principles of internal medicine / | |
| 245 | 0 | _ceditors, Kurt J. Isselbacher… [et al]. | |
| 250 | _a13th edition | ||
| 260 | _aNew York : | ||
| 260 | _bMcGraw-Hill, | ||
| 260 | _c1994 | ||
| 300 | _a1 volume (various paging) : | ||
| 300 | _billustrations ; | ||
| 300 | _c28 cm. | ||
| 440 | _v2 | ||
| 500 | _aIncludes index. | ||
| 650 | _aInternal medcine. | ||
| 650 | _xInternal medicine -- Examinations, questions, tic. | ||
| 999 |
_c357642 _d357642 |
||